00342nam a2200121Ia 4500008004100000041000800041082001400049100002200063245003700085260003800122300001900160520004100179240719s9999 xx 000 0 und d aeng a657.3 NAR aNarasimhan, M. S. aAnalysis Of Financial Statements aNew DelhibCengage Learningc2016 a282;. P. 24 Cm aGifted By : IMT Faculty Dr.Pawan sir